| 000 | 00720nam a2200253 a 4500 | ||
|---|---|---|---|
| 008 | |||
| 020 | _a0071357319 (hbk.) | ||
| 049 | _aMAIN | ||
| 090 | 0 |
_aHD61 _bCRO |
|
| 100 | 1 | _aCrouhy, Michel. | |
| 245 | 1 | 0 |
_aRisk management / _cby Michel Crouhy, Dan Galai and Robert Mark. |
| 260 |
_aNew York : _bMcGraw-Hill, _c2000. |
||
| 300 |
_axiii, 717 p. : _bill. ; _c24 cm. |
||
| 504 | _aIncludes bibliographical references. | ||
| 500 | _aIncludes index. | ||
| 650 | 0 | _aRisk management. | |
| 700 | 1 | _aGalai, Dan. | |
| 700 | 1 | _aMark, Robert. | |
| 907 |
_a.b10147536 _b06-12-12 _c24-01-05 |
||
| 003 | |||
| 005 | 20230123134218.0 | ||
| 040 | _cNUST | ||
| 942 |
_cBOOKS _kHD61 _mCRO |
||
| 999 |
_c161971 _d161971 |
||